[Event "ESP-chT Autonomicas 4th"]
[Site "Villava"]
[Date "2009.05.02"]
[Round "4"]
[White "Garcia Rodriguez, Juan Carlos"]
[Black "Diaz Sanchez, Jose Francisco"]
[Result "1-0"]
[WhiteElo "2017"]
[BlackElo "1952"]
[PlyCount "63"]
[EventDate "2009.04.30"]
[EventType "tourn"]
[EventRounds "6"]
[EventCountry "ESP"]
[SourceTitle "CBM 130 Extra"]
[Source "ChessBase"]
[SourceDate "2009.07.02"]
[SourceVersion "2"]
[SourceVersionDate "2009.07.15"]
[SourceQuality "1"]

1. d4 d5 2. Nf3 Nf6 3. Bf4 e6 4. e3 Bd6 5. Ne5 0-0 6. Nd2 c5 7. c3 Qc7 8. Bd3 Nc6 9. Ndf3 Ne4 10. 0-0 f6 11. Nxc6 Qxc6 12. Bg3 Bd7 13. Rc1 Nxg3 14. hxg3 e5 15. dxe5 fxe5 16. Bb5 Qxb5 17. Qxd5+ Kh8 18. Qxd6 e4 19. Ne5 Bf5 20. g4 Bg6 21. Nxg6+ hxg6 22. Qxg6 Qxb2 23. Qxe4 Rxf2 24. Rb1 Rxf1+ 25. Rxf1 Qxc3 26. g5 Qb4 27. Qf5 g6 28. Qxg6 Qc3 29. Qh6+ Kg8 30. Qe6+ Kh8 31. g6 Rd8 32. Qh3+ 1-0

[Event "ESP-ch U12"]
[Site "Padron"]
[Date "2008.07.07"]
[Round "3"]
[White "Perez Cabas, Jose"]
[Black "Garcia Rodriguez, Juan Carlos"]
[Result "1-0"]
[WhiteElo "1808"]
[BlackElo "2006"]
[PlyCount "91"]
[EventDate "2008.07.06"]
[EventType "swiss"]
[EventRounds "9"]
[EventCountry "ESP"]
[SourceTitle "EXT 2009"]
[Source "ChessBase"]
[SourceDate "2008.11.26"]
[SourceVersion "1"]
[SourceVersionDate "2008.11.26"]
[SourceQuality "1"]

1. e4 e6 2. d4 d5 3. e5 c5 4. c3 Nc6 5. Nf3 Qb6 6. a3 c4 7. Be2 Na5 8. Nbd2 Bd7 9. 0-0 Ne7 10. Rb1 Ng6 11. b3 cxb3 12. Nxb3 Ba4 13. Nfd2 Be7 14. Bd3 0-0 15. Bc2 Nxb3 16. Nxb3 Qc7 17. Nd2 Bxc2 18. Qxc2 b6 19. Nf3 Rfc8 20. Rb3 Qd7 21. Bg5 Bf8 22. h4 Be7 23. Bxe7 Qxe7 24. h5 Nh4 25. Nh2 Qg5 26. g3 Nf5 27. Qe2 Rc7 28. g4 Nh6 29. f4 Qd8 30. Qd2 f6 31. exf6 gxf6 32. f5 Nf7 33. fxe6 Ng5 34. Nf3 Nxe6 35. Re1 Re7 36. g5 Nxg5 37. Nxg5 Rxe1+ 38. Qxe1 fxg5 39. Qe5 h6 40. Qe6+ Kg7 41. Qg6+ Kf8 42. Rb1 Ke7 43. Re1+ Kd7 44. Rf1 Qe8 45. Rf7+ Kc8 46. Qf5+ 1-0